Alphabetical Foursomes Quiz Stats

Quiz Updated Oct 21, 2014

Challenge
Share
Tweet
Embed
Score 0/52 Timer 06:00
7 Plays Today
% Correct
Spades
95.2%
Hearts
94.8%
Diamonds
93.5%
Clubs
93.5%
North
87.2%
West
87.1%
East
87.1%
Liquid
86.9%
Matthew
86.9%
Woodwinds
86.9%
South
86.9%
Brass
86.8%
Gas
86.7%
Strings
86.4%
Solid
86.4%
Raphael
86%
Summer
86%
Winter
85.9%
Michelangelo
85.9%
Donatello
85.8%
Tin Man
85.7%
Spring
85.7%
Autumn
85.7%
Percussion
85.4%
Luke
85.1%
Leonardo
84.9%
% Correct
Dorothy Gale
84.7%
Scarecrow
84.4%
Mark
84%
John
83.6%
Utah
83.6%
New Mexico
83.4%
Colorado
83.3%
Slytherin
81.5%
Arizona
81.1%
Hufflepuff
81%
Ravenclaw
80.4%
Mr. Fantastic
80.4%
The Thing
79.9%
Gryffindor
79.5%
Invisible Woman
79.3%
Pinky
79%
Plasma
79%
Cowardly Lion
78.1%
Inky
76.9%
Parabola
76.4%
Human Torch
75.8%
Hyperbola
75.1%
Ellipse
75%
Blinky
73.8%
Circle
73.6%
Clyde
65.9%

You're not logged in!

Compare scores with friends on all Sporcle quizzes.
Sign Up with Email
OR
Log In

You Might Also Like...

Show Comments

Extras

Top Quizzes Today


Score Distribution

Your Account Isn't Verified!

In order to create a playlist on Sporcle, you need to verify the email address you used during registration. Go to your Sporcle Settings to finish the process.